000
00212 a2200097 4500
001
30727
100
_a
Goodall, F G
245
_a
The story of Radio
260
_a
England
_b
Ladybird Bks
_c
090
_c
20659
_d
20659
942
_a
NUST-CAE
_c
M
_c
11846
999
_c
265800
_d
265800